Illusions : a novel / Janet Dailey.
Available copies
- 1 of 1 copy available at LARL/NWRL Consortium.
Current holds
0 current holds with 1 total copy.
Show Only Available Copies
| Location | Call Number / Copy Notes | Barcode | Shelving Location | Status | Due Date |
|---|---|---|---|---|---|
| Greenbush Public Library | DAI (Text) | 35500002378030 | Main | Available | - |
Record details
- ISBN: 0060176989
- Physical Description: 345 p. ; 24 cm.
- Publisher: New York : HarperCollins, c1997.
Search for related items by subject
| Subject: | Aspen (Colo.) > Fiction. |
| Genre: | Romantic suspense fiction. Love stories. |
| LDR | 01323cam a22003018a 4500 | ||
|---|---|---|---|
| 001 | 18368 | ||
| 003 | LARL_NWRL_CONSORTIUM | ||
| 005 | 19960912165351.0 | ||
| 008 | 960715s1997 nyu 000 1 eng | ||
| 010 | . | ‡a96033045 | |
| 020 | . | ‡a0060176989 | |
| 035 | . | ‡a(OCoLC)35110368 | |
| 040 | . | ‡aDLC ‡cDLC | |
| 082 | 0 | 0. | ‡a813/.54 ‡220 |
| 100 | 1 | . | ‡aDailey, Janet. ‡0(LARL_NWRL_CONSORTIUM)63205 |
| 245 | 1 | 0. | ‡aIllusions : ‡ba novel / ‡cJanet Dailey. |
| 260 | . | ‡aNew York : ‡bHarperCollins, ‡cc1997. | |
| 300 | . | ‡a345 p. ; ‡c24 cm. | |
| 651 | 0. | ‡aAspen (Colo.) ‡vFiction. | |
| 655 | 7. | ‡aRomantic suspense fiction. ‡2gsafd | |
| 655 | 7. | ‡aLove stories. ‡2gsafd | |
| 901 | . | ‡a18368 ‡bOCLC ‡c18368 ‡tbiblio | |

Add to basket
Permalink
Enable Highlighting